| 000 | 00539nam a2200217Ia 4500 | ||
|---|---|---|---|
| 001 | 12495 | ||
| 003 | GE_BSU | ||
| 008 | 181216s||||||||xx |||||||||||||| ||und|| | ||
| 040 | _cGE_BSU | ||
| 080 | _a633(075.9) | ||
| 100 | _aЛапин,М.М. | ||
| 245 | _aРастениеводство | ||
| 245 | _cРед.Г.Д.Каплан. | ||
| 250 | _a2-ое | ||
| 260 | _aМосква | ||
| 260 | _bГоссельхозиздат | ||
| 260 | _c1951 | ||
| 300 | _a623стр.23см. | ||
| 653 | _aРастениеводство | ||
| 942 | _cBK | ||
| 999 |
_c45669 _d45669 |
||